|
|
|
|
| LEADER |
00000nam0a2200000 4500 |
| 001 |
143622 |
| 005 |
20231031143259.0 |
| 010 |
|
|
|a 5852100234
|
| 020 |
|
|
|a RU
|b 91-3638
|
| 035 |
|
|
|a (RuTPU)RU\TPU\book\155645
|
| 090 |
|
|
|a 143622
|
| 100 |
|
|
|a 20080922d1990 m a0rusy5003 ca
|
| 101 |
0 |
|
|a rus
|
| 102 |
|
|
|a RU
|
| 105 |
|
|
|a y z 000ay
|
| 200 |
1 |
|
|a Моя профессия - разведчик
|e Воспоминания офицера КГБ
|f Г. Лонсдейл
|g сост. Н. В. Губернаторов ; А. Е. Евсеев ; Л. К. Крнешов ; Г. П. Молодая
|
| 210 |
|
|
|a Москва
|c Орбита
|c Мосовский фил.иал
|d 1990
|
| 215 |
|
|
|a 316,[1] с.
|d 21 см
|
| 333 |
|
|
|a Исключено из фонда НТБ ТПУ
|
| 675 |
|
|
|a Р2
|z rus
|
| 700 |
|
1 |
|a Лонсдейл
|b Г.
|g Гордон
|4 070
|
| 702 |
|
1 |
|a Губернаторов
|b Н. В.
|g Николай Владимирович
|4 220
|
| 702 |
|
1 |
|a Евсеев
|b А. Е.
|g Александр Евсеевич
|4 220
|
| 702 |
|
1 |
|a Крнешов
|b Л. К.
|g Лев Константинович
|4 220
|
| 702 |
|
1 |
|a Молодая
|b Г. П.
|g Галина Петровна
|4 220
|
| 801 |
|
0 |
|a RU
|b RuMRKP
|c 19950417
|g psbo
|
| 801 |
|
1 |
|a RU
|b 63413507
|c 20080922
|g PSBO
|
| 801 |
|
2 |
|a RU
|b 63413507
|c 20211222
|g PSBO
|
| 942 |
|
|
|c BK
|